[Event "Golden Sands Europe op 2nd"]
[Site "Golden Sands"]
[Date "2013.06.15"]
[Round "6"]
[White "Cvetkovic, Srdjan"]
[Black "Canbulan, Arda"]
[Result "1-0"]
[WhiteElo "2387"]
[BlackElo "1854"]
[PlyCount "53"]
[EventDate "2013.06.10"]
[EventType "swiss"]
[EventRounds "9"]
[EventCountry "BUL"]
[SourceTitle "CBM 154 Extra"]
[Source "ChessBase"]
[SourceDate "2013.06.25"]
[SourceVersion "2"]
[SourceVersionDate "2013.06.25"]
[SourceQuality "1"]

1. c4 c5 2. Nf3 Nf6 3. Nc3 g6 4. e4 d6 5. d4 cxd4 6. Nxd4 Nc6 7. Be2 Nxd4 8. Qxd4 Bg7 9. Be3 0-0 10. Qd2 Ng4 11. Bxg4 Bxg4 12. Bh6 Re8 13. Bxg7 Kxg7 14. f4 e5 15. 0-0 Qb6+ 16. Rf2 Qd4 17. f5 Qxd2 18. Rxd2 gxf5 19. h3 Bh5 20. exf5 f6 21. g4 Bf7 22. b3 Rad8 23. Rad1 e4 24. Rxd6 Rxd6 25. Rxd6 e3 26. Kf1 h5 27. Ke2 1-0

[Event "TUR-ch"]
[Site "Antalya"]
[Date "2013.02.07"]
[Round "9"]
[White "Demir, Gokhan"]
[Black "Canbulan, Arda"]
[Result "0-1"]
[WhiteElo "2231"]
[BlackElo "1828"]
[PlyCount "96"]
[EventDate "2013.02.02"]
[EventType "swiss"]
[EventRounds "11"]
[EventCountry "TUR"]
[SourceTitle "CBM 152 Extra"]
[Source "ChessBase"]
[SourceDate "2013.02.25"]
[SourceVersion "1"]
[SourceVersionDate "2013.02.25"]
[SourceQuality "1"]

1. d4 Nf6 2. c4 g6 3. f3 Bg7 4. e4 d6 5. Nc3 0-0 6. Bg5 Nc6 7. Nge2 a6 8. Qd2 Rb8 9. d5 Ne5 10. Ng3 c5 11. Be2 Qa5 12. f4 Ned7 13. 0-0 Re8 14. Kh1 b5 15. Qe3 h6 16. Bh4 Nh7 17. e5 dxe5 18. d6 exd6 19. Nce4 Qc7 20. Rad1 exf4 21. Qxf4 Ne5 22. Nxd6 Re6 23. Bd8 Qxd8 24. Nxf7 Qe7 25. Nxh6+ Bxh6 26. Qxh6 Bb7 27. cxb5 axb5 28. Rde1 c4 29. Bd1 Rf8 30. Rxf8+ Qxf8 31. Qd2 Qe7 32. Qe3 Nf8 33. Rf1 Nd3 34. Qh6 Ne1 35. Bg4 Bxg2+ 36. Kg1 Bxf1 37. Bxe6+ Qxe6 38. Kxf1 Nd3 39. Kg2 Qd5+ 40. Kh3 Nf2+ 41. Kh4 Qd8+ 42. Qg5 Qxg5+ 43. Kxg5 Nd3 44. b3 c3 45. a4 bxa4 46. bxa4 c2 47. Ne2 Ne6+ 48. Kxg6 Nef4+ 0-1